Statistiken für Errate den OG Keemo Song

Klicken Sie hier um das Quiz zu spielen!

Allgemein

  • Dieses Quiz wurde 16 mal gespielt
  • Das Durchschnittsergebnis liegt bei 7 aus 15

Antwortstatistiken

LineAntwort% Korrekt
Heute laden die mich ein und damals braucht ich einen DietrichBee Gees
71%
Ich mach' Fuffis, Hunnis, Tauis, aus PrinzipTasche
71%
Ich trag' die Kette so, als wär sie meine Ho, was willst du tun?Geist
64%
Ich sagte: „Du hast mein Feuer, du kriegst nicht noch mehr Gegenstände!“Anfang
57%
Frag nach mir, ich bin ein GoonMalik
57%
Ich kenn' Jungs, die nicht gealtert sind, seit dem sie 17 war'nVögel
57%
Zwischen Seelenfrieden und den Lamborghini-Flügeltür'nVorwort
57%
Mein Vater sagte: „Halt ihn'n nie die andre Wange hin216
50%
Ich komm' zur Party und der einzige Schmuck, den ich trag', ist Kupfer und StahlBig Boy
43%
Du konntst nicht widersteh'n, denn allein wie ich lila Blüten zähle, stimuliert dein'n G-PunktPimpsport
43%
Ich mache Sport, ah, Gangsigns aus dem Fenster von 'nem FordBlanko
36%
OG-Wan-Keemobi, gekleidet wie ein scheiß Jedi-RitterObi-Wan
36%
Ich war gerade wie 'ne WasserwaageTöle
29%
Und wie ihr Arsch gebaut ist, muss ich ihn den örtlichen Behörden meldenFiesling
21%
Bitch, es ist Sabe, geh nur nicht schlafen, Ho ich bin Freddy Krüger, eyFaust
14%

Verteilung der Resultate

Perzentil nach korrekt beantworteten Fragen

Anzahl Personen mit jedem Resultat

Ihre Resultats-Entwicklung

Sie haben dieses Quiz noch nicht gespielt